Escudos Mexico - Estadísticas

Estadísticas generales
  • Esta prueba ha sido intentada 36 veces
  • La puntuación promedio es 29 de 33
Estadísticas de respuestas
Imagen Respuesta % Correcto
Monterrey
100%
Alebrijes
93%
Atlas
93%
Atletico San Luis
93%
Puebla
93%
Pumas
93%
Tigres
93%
America
89%
Atlante
89%
Chivas
89%
Cruz Azul
89%
Leon
89%
Queretaro
89%
Tampico
89%
Tlaxcala
89%
Toluca
89%
Dorados
86%
Leones Negros
86%
Mazatlan
86%
Mineros Zacatecas
86%
Morelia
86%
Santos Laguna
86%
Atletico La Paz
82%
Cancun
82%
Celaya
82%
Correcaminos
82%
Juarez
82%
Necaxa
82%
Pachuca
82%
Tijuana
82%
Tepatitlan
75%
Tapatio
71%
Venados Yucatan
71%
No se encontraron pruebas coincidentes
Distribución de puntuación
Porcentaje de gente con cada puntuación
Porcentaje por número respondido
Historial de tus puntuaciones
No has intentado esta prueba.